MARC

LEADER 00000nam0a2200000 4500
001 322760
005 20231102003514.0
035 |a (RuTPU)RU\TPU\book\348318 
090 |a 322760 
100 |a 20161003d1937 m y0rusy50 ca 
101 0 |a rus 
102 |a RU 
105 |a a z 001zy 
200 1 |a Техника масляной живописи  |f А. Рыбников 
210 |a Москва  |a Ленинград  |c Искусство  |d 1937 
215 |a 218 с.  |c ил. 
320 |a Список иллюстраций: с. 217-218 
606 |a Масляная живопись  |2 stltpush  |3 (RuTPU)RU\TPU\subj\41137  |9 60954 
610 1 |a грунтовки 
610 1 |a краски 
610 1 |a разбавители 
610 1 |a использование 
610 1 |a мастерство 
610 1 |a практические советы 
675 |a 75.023  |v 4 
700 1 |a Рыбников  |b А. 
801 1 |a RU  |b 63413507  |c 20161003 
801 2 |a RU  |b 63413507  |c 20200724  |g RCR 
942 |c BK